| 000 | 00970nam a22003017a 4500 | ||
|---|---|---|---|
| 001 | 4973 | ||
| 003 | FISKH | ||
| 005 | 20241030092842.0 | ||
| 008 | 241030b cb ||||| |||| 00| 0 eng d | ||
| 020 | _a9780545301718 | ||
| 040 |
_aFISKH _beng _cFISKH _dFISKH |
||
| 050 | _aQL666.L29 | ||
| 082 | _a597.9 | ||
| 100 |
_aPallotta, Jerry _d(1953-) |
||
| 245 |
_aWho would win? komodo dragon vs. king cobra / _cBy Jerry Pallotta Illustrated by Rob Bolster |
||
| 250 | _aFirst printing in 2011 | ||
| 260 |
_aNew York : _bScholastic, _c2011. |
||
| 300 |
_a32 pages : _bColor illustrations ; _c23 cm |
||
| 505 | _aR | ||
| 520 | _aContains facts about komodo dragon and king cobra, comparing such aspects as their sizes, brain structure, and abilities. | ||
| 521 | 8 |
_a700L
_bLexile |
|
| 521 | 8 |
_aR
_bRaz-Plus |
|
| 650 |
_2Komodo dragon _aAnimals |
||
| 650 |
_2Snakes _aNon-fiction |
||
| 700 |
_aBolster, Rob _dIllustrator |
||
| 942 |
_2ddc _cBK _n0 |
||
| 999 |
_c4973 _d4973 |
||